Más allá del bien y del mal (Registro nro. 12089)
[ vista simple ]
| 000 -CABECERA | |
|---|---|
| Longitud fija campo de control | 01233cjm a2200289 a 4500 |
| 003 - • IDENTIFICADOR DELl NÚMERO DE CONTROL | |
| Identificador del número de control | CO-ViMGA |
| 005 - • FECHA Y HORA DE LA ÚLTIMA TRANSACCIÓN | |
| Fecha y hora de la última transacción | 20230915225026.0 |
| 008 - • CÓDIGOS DE INFORMACIÓN DE LONGITUD FIJA | |
| Códigos de información de longitud fija | 070302s2005 cauppnn spa d |
| 020 ## - • NÚMERO INTERNACIONAL NORMALIZADO PARA LIBROS | |
| Número Internacional Normalizado para Libros (ISBN) | 9789707370913 |
| 040 ## - FUENTE DE LA CATALOGACIÓN | |
| Centro catalogador de origen | CO-ViMGA |
| Lengua de catalogación | spa |
| Centro transcriptor | CO-ViMGA |
| 043 ## - CÓDIGO DE ÁREA GEOGRÁFICA | |
| Código de área geográfica | n-mx--- |
| 082 04 - • NÚMERO DE LA CLASIFICACIÓN DECIMAL DEWEY | |
| Número de clasificación (R) | 210 |
| Número del ítem | N42m |
| 100 1# - • PUNTO DE ACCESO PRINCIPAL-NOMBRE DE PERSONA | |
| Nombre de persona | Friedrich Nietzsche |
| 110 2# - • PUNTO DE ACCESO PRINCIPAL-NOMBRE DE ENTIDAD CORPORATIVA | |
| Nombre de entidad corporativa o nombre de jurisdicción como elemento inicial | Tri (Musical group) |
| 245 10 - • TITULO PROPIAMENTE DICHO | |
| Título | Más allá del bien y del mal |
| Medio | [sound recording] / |
| Mención de responsabilidad, etc. | el Tri. |
| 300 ## - • DESCRIPCIÓN FÍSICA | |
| Extensión | 1 sound disc : |
| Otras características físicas | digital ; |
| Dimensiones | 215 p. |
| 490 ## - • MENCIÓN DE SERIE | |
| Mención de serie | Filosofía religiosa |
| Designación de volumen o secuencia | 215 pag,. |
| 500 ## - • NOTA GENERAL | |
| Nota general | Compact disc accompanied by DVD. |
| 500 ## - • NOTA GENERAL | |
| Nota general | Fonovisa Records: 0883 52322 0 (set); 0883 52320 2 (CD); 0883 52321 9 (DVD). |
| 505 0# - • NOTA DE CONTENIDO CON FORMATO | |
| Nota de contenido con formato | DVD: Somos todos pirata -- Imagenes de: estudio, sesión fotográfica, develación estatua. |
| 505 00 - • NOTA DE CONTENIDO CON FORMATO | |
| Información varia (R ) | CD. |
| Título (R ) | Felicidades -- |
| -- | Todos somos piratas -- |
| -- | Políticos ratas -- |
| -- | Juan Pablo II -- |
| -- | Queremos rock -- |
| -- | Che Guevara -- |
| -- | De tripas corazón -- |
| Información varia (R ) | El |
| Título (R ) | peje atajo -- |
| -- | Sueño americano -- |
| -- | Dama de los callejones -- |
| -- | Si México ganara el mundial. |
| 546 ## - • NOTA DEL IDIOMA | |
| Nota de lengua | Sung in Spanish. |
| 650 #0 - • PUNTO DE ACCESO ADICIONAL DE MATERIA - TÉRMINO DE MATERIA | |
| Término de materia o nombre geográfico como elemento inicial | Popular music |
| Subdivisión geográfica | Mexico |
| Subdivisión cronológica | 2001-2010. |
| 942 ## - ENTRADA DE ELEMENTOS AGREGADOS (KOHA) | |
| Fuente de clasificaión o esquema | Dewey Decimal Classification |
| Koha [por defecto] tipo de item | LIbro |
| Perdido | Fuente de clasificación o esquema | Estado Físico | No para préstamo | Forma de adquisición | Localización permanente | Localización actual | Fecha adquisición | Préstamos totales | Signatura completa | Código de barras | Fecha última consulta | Fecha último préstamo | Número de copia | Fecha del precio de reemplazo | Tipo de item de Koha |
|---|---|---|---|---|---|---|---|---|---|---|---|---|---|---|---|
| Dewey Decimal Classification | Sala General Segundo Piso | Biblioteca Pública Germán Arciniegas - Villavicencio | Biblioteca Pública Germán Arciniegas - Villavicencio | 12/03/2015 | 1 | 210 N42m | 29183 | 11/20/2019 | 11/20/2019 | 1 | 12/03/2015 | LIbro |